[Event "Criciuma op-A"]
[Site "Criciuma"]
[Date "2024.01.13"]
[Round "2"]
[White "Mariano, Kaiki Pereira"]
[Black "Torella, Rodolfo"]
[Result "1-0"]
[WhiteElo "1700"]
[BlackElo "1878"]
[PlyCount "99"]
[EventDate "2024.01.12"]
[EventType "swiss"]
[EventRounds "9"]
[EventCountry "BRA"]
[SourceTitle "CB04_2024"]
[SourceDate "2023.10.16"]
[SourceVersion "1"]
[SourceVersionDate "2023.10.16"]
[SourceQuality "1"]

1. c4 e6 2. Nf3 d5 3. d4 Nf6 4. g3 Bb4+ 5. Bd2 Be7 6. Bg2 0-0 7. 0-0 c6 8. Qc2 Nbd7 9. Bf4 Nh5 10. Bc1 b6 11. Nbd2 Bb7 12. e4 dxc4 13. Nxc4 c5 14. Rd1 cxd4 15. Nxd4 Rc8 16. Qe2 Nhf6 17. b3 Ba6 18. Bb2 b5 19. Ne3 Qa5 20. f4 b4 21. Qe1 Nc5 22. e5 Nd5 23. Bxd5 exd5 24. Nxd5 Rfe8 25. Qxb4 Qxb4 26. Nxb4 Bb7 27. Nf5 Bf3 28. Nxe7+ Rxe7 29. Rdc1 Bb7 30. Bd4 Rec7 31. Bxc5 Rxc5 32. Rxc5 Rxc5 33. Rd1 g5 34. Rd8+ Kg7 35. Rd7 Bc8 36. Rxa7 Bh3 37. a4 Be6 38. Kf2 Bxb3 39. a5 gxf4 40. gxf4 Rc4 41. Nd3 Rc2+ 42. Ke3 Rxh2 43. Nc5 Bd5 44. e6 Kf8 45. Rxf7+ Ke8 46. f5 Rh5 47. Kd4 Bc6 48. Ke5 Rh1 49. Rc7 Bb5 50. Rc8+ 1-0

[Event "Florianopolis op 9th"]
[Site "Florianopolis"]
[Date "2023.01.24"]
[Round "2"]
[White "Mariano, Kaiki Pereira"]
[Black "Abilhoa, Felipe Auer"]
[Result "1-0"]
[WhiteElo "1639"]
[BlackElo "1249"]
[PlyCount "73"]
[EventDate "2023.01.23"]
[EventType "swiss"]
[EventRounds "10"]
[EventCountry "BRA"]
[SourceTitle "CBM 212 Extra"]
[Source "ChessBase"]
[SourceDate "2023.03.31"]
[SourceVersion "1"]
[SourceVersionDate "2023.03.31"]
[SourceQuality "1"]

1. c4 Nf6 2. Nc3 e6 3. e4 Bb4 4. e5 Bxc3 5. dxc3 Ne4 6. Qg4 Nc5 7. Qxg7 Rf8 8. Bh6 Qe7 9. Qxh7 Qh4 10. Nf3 Qe4+ 11. Qxe4 Nxe4 12. Bxf8 Kxf8 13. Bd3 Nc5 14. Bc2 Nc6 15. b4 Nxb4 16. cxb4 Na6 17. b5 Nb4 18. Bb1 c6 19. a3 cxb5 20. axb4 bxc4 21. h4 d5 22. h5 Ke7 23. h6 Bd7 24. h7 Rh8 25. Rxa7 Bc6 26. Rh3 f6 27. Rg3 Kf7 28. b5 Be8 29. Rxb7+ Kf8 30. Rb8 f5 31. Rxe8+ Kxe8 32. Rg8+ Rxg8 33. hxg8Q+ Kd7 34. Qf7+ Kc8 35. Nd4 Kb8 36. b6 Kc8 37. Qc7# 1-0

[Event "Florianopolis Autumn op U2300"]
[Site "Florianopolis"]
[Date "2022.05.15"]
[Round "6"]
[White "Mariano, Kaiki Pereira"]
[Black "Nunes, Agatha Hurba"]
[Result "0-1"]
[WhiteElo "1526"]
[BlackElo "1849"]
[PlyCount "66"]
[EventDate "2022.05.13"]
[EventType "swiss"]
[EventRounds "6"]
[EventCountry "BRA"]
[SourceTitle "CBM 208 Extra"]
[Source "ChessBase"]
[SourceDate "2022.07.31"]
[SourceVersion "1"]
[SourceVersionDate "2022.07.31"]
[SourceQuality "1"]

1. d4 d5 2. c4 e6 3. Nc3 Nf6 4. cxd5 exd5 5. Bg5 Be7 6. e3 0-0 7. Bd3 h6 8. Bh4 c6 9. Qc2 Re8 10. Nf3 Be6 11. 0-0 Nbd7 12. Rab1 a5 13. a3 b5 14. b4 axb4 15. axb4 Nb6 16. Ne5 Qc8 17. Ne2 Nc4 18. Bxc4 dxc4 19. Qb2 g5 20. Bg3 Ra4 21. Qc3 Nd5 22. Qd2 Bxb4 23. Qc2 Nf6 24. Ra1 Rxa1 25. Rxa1 Bf5 26. Qc1 Ne4 27. f3 Bd2 28. Qa3 b4 29. Qa7 Bxe3+ 30. Kh1 Nxg3+ 31. Nxg3 Rxe5 32. Qa8 Re8 33. Qxc8 Bxc8 0-1

[Event "Florianopolis Autumn op U2300"]
[Site "Florianopolis"]
[Date "2022.05.14"]
[Round "3"]
[White "Mariano, Kaiki Pereira"]
[Black "Boabaid, Jorge Alberto Duard"]
[Result "0-1"]
[WhiteElo "1526"]
[BlackElo "1753"]
[PlyCount "96"]
[EventDate "2022.05.13"]
[EventType "swiss"]
[EventRounds "6"]
[EventCountry "BRA"]
[SourceTitle "CBM 208 Extra"]
[Source "ChessBase"]
[SourceDate "2022.07.31"]
[SourceVersion "1"]
[SourceVersionDate "2022.07.31"]
[SourceQuality "1"]

1. d4 Nf6 2. Nf3 e6 3. c4 d5 4. Nc3 Bb4 5. Qa4+ Nc6 6. e3 0-0 7. Qc2 Ne4 8. Bd2 Nxd2 9. Qxd2 Re8 10. a3 Bf8 11. Be2 Ne7 12. 0-0 c6 13. b4 f6 14. Rab1 e5 15. dxe5 fxe5 16. Nxe5 Nf5 17. Nf3 Be6 18. cxd5 cxd5 19. Nd4 Nxd4 20. Qxd4 Qg5 21. Bf3 Rad8 22. g3 Be7 23. Nb5 Bf6 24. Qf4 Qg6 25. Nc7 Bg5 26. Qd4 Rf8 27. Nxe6 Qxe6 28. Bg2 b6 29. Rbd1 Kh8 30. Bxd5 Qg6 31. Qe4 Qh6 32. h4 Bf6 33. Qf4 g5 34. hxg5 Bxg5 35. Qe5+ Bf6 36. Qe4 Rde8 37. Qg2 Bb2 38. a4 Ba3 39. b5 Bc5 40. e4 Re5 41. Rd3 Qf6 42. Rd2 Rg5 43. Qh2 Qf3 44. Rfd1 Rxg3+ 45. Kf1 Rh3 46. Qe5+ Rf6 47. Qe8+ Kg7 48. Qd7+ Kh6 0-1

[Event "Florianopolis Autumn op U2300"]
[Site "Florianopolis"]
[Date "2022.05.14"]
[Round "4"]
[White "Messias, Jose Vitor Lamosa P"]
[Black "Mariano, Kaiki Pereira"]
[Result "1/2-1/2"]
[WhiteElo "1671"]
[BlackElo "1526"]
[PlyCount "102"]
[EventDate "2022.05.13"]
[EventType "swiss"]
[EventRounds "6"]
[EventCountry "BRA"]
[SourceTitle "CBM 208 Extra"]
[Source "ChessBase"]
[SourceDate "2022.07.31"]
[SourceVersion "1"]
[SourceVersionDate "2022.07.31"]
[SourceQuality "1"]

1. e4 c6 2. d4 d5 3. exd5 cxd5 4. c4 Nf6 5. Nc3 Nc6 6. Nf3 e6 7. Qb3 Be7 8. cxd5 Nxd5 9. Bb5 0-0 10. 0-0 a6 11. Bd3 Bf6 12. Nxd5 Qxd5 13. Qxd5 exd5 14. Be3 Bg4 15. Be2 Rfd8 16. Rfd1 Rac8 17. h3 Be6 18. Rac1 Na5 19. b3 h6 20. Ne1 Nc6 21. Nf3 Ne7 22. Rxc8 Rxc8 23. Rc1 Rxc1+ 24. Bxc1 Nf5 25. Bb2 Kf8 26. g4 Nh4 27. Nxh4 Bxh4 28. f4 g6 29. Kg2 Ke7 30. Bd3 f5 31. Kf3 Kf7 32. Bc3 Kf6 33. Ba5 Kf7 34. Bc7 Be1 35. Be5 Bh4 36. Bc2 Be1 37. Bd1 Bb4 38. Ke3 Bf8 39. Kd3 Ke7 40. g5 h5 41. Kc3 Kd7 42. b4 Bf7 43. a4 Kc6 44. Be2 Kb6 45. h4 Be7 46. Kb3 Kc6 47. b5+ Kb6 48. Bd3 a5 49. Be2 Bf8 50. Bf6 Kc7 51. Be5+ Kb6 1/2-1/2